000 00697nam a2200205Ia 4500
003 GCL
008 140319s9999 xx 000 0 ara d
040 _aGCL /
_cGCL
082 0 4 _a782.1
_bب ن
100 1 _aبيافى، فراتشيسكو ماريا
245 1 0 _aالنص المسرحى الكامل لاوبرا ريجوليتو /
_cبيافى، فراتشيسكو ماريا
700 1 _aاحمد لطفى
260 _a[S.N] :
_bالمركز الثقافى القومى - دار الاوبرا المصري ،
_c1994
300 _a79 ص
490 _a
650 0 4 _aالمسرحيات
650 0 4 _aالاوبرا
650 0 4 _aالاعمال الموسيقية
942 _2ddc
_cBK
999 _c36086
_d36086